[Event "ITA-ch49 corr"]
[Site "Italy"]
[Date "1999.??.??"]
[Round "?"]
[White "Coco, Carmelo"]
[Black "Scuderi, Alfio"]
[Result "1/2-1/2"]
[WhiteElo "2433"]
[BlackElo "2336"]
[PlyCount "79"]
[EventDate "1999.??.??"]
[EventType "tourn (corr)"]
[EventRounds "14"]
[EventCountry "ITA"]
[SourceTitle "Corr 2002"]
[Source "ChessBase"]
[SourceDate "2002.05.23"]
[SourceVersion "1"]
[SourceVersionDate "2002.05.23"]
[SourceQuality "1"]

1. d4 Nf6 2. Bg5 e6 3. c4 b6 4. e4 h6 5. Bxf6 Qxf6 6. Nf3 Bb4+ 7. Nbd2 c5 8. a3 Bxd2+ 9. Qxd2 Bb7 10. e5 Qf5 11. 0-0-0 Na6 12. Bd3 Qg4 13. Rhg1 cxd4 14. Bc2 d3 15. Qxd3 Qf4+ 16. Kb1 0-0-0 17. Qd6 Be4 18. Rd4 Bxc2+ 19. Kxc2 Qf5+ 20. Kc3 g5 21. b4 g4 22. Nd2 Qxf2 23. Rf1 Qxg2 24. Rxf7 Nc7 25. Ne4 Qa2 26. b5 Qa1+ 27. Kd3 Qd1+ 28. Ke3 Qg1+ 29. Kd3 h5 30. Nf6 Qxh2 31. Nxd7 Qg3+ 32. Kc2 Qg2+ 33. Kc1 Qb7 34. c5 bxc5 35. Qxc5 Qxb5 36. Qxa7 Rxd7 37. Rdxd7 Qxd7 38. Rxd7 Kxd7 39. Qd4+ Nd5 40. Qa7+ 1/2-1/2

[Event "ITA-ch49 corr"]
[Site "Italy"]
[Date "1999.??.??"]
[Round "?"]
[White "Colombo, Alberto E"]
[Black "Scuderi, Alfio"]
[Result "1/2-1/2"]
[WhiteElo "2460"]
[BlackElo "2336"]
[PlyCount "60"]
[EventDate "1999.??.??"]
[EventType "tourn (corr)"]
[EventRounds "14"]
[EventCountry "ITA"]
[SourceTitle "Corr 2002"]
[Source "ChessBase"]
[SourceDate "2002.05.23"]
[SourceVersion "1"]
[SourceVersionDate "2002.05.23"]
[SourceQuality "1"]

1. d4 Nf6 2. Nf3 d5 3. c4 e6 4. Nc3 Be7 5. Bg5 0-0 6. e3 h6 7. Bh4 b6 8. Rc1 Bb7 9. cxd5 Nxd5 10. Bxe7 Qxe7 11. Bd3 Nxc3 12. Rxc3 Na6 13. 0-0 c5 14. Bb1 Rad8 15. Ne5 Nb4 16. Qg4 Nd5 17. Ra3 a6 18. dxc5 Qxc5 19. Qe4 f5 20. Qh4 a5 21. Qg3 Ba6 22. Re1 Qb4 23. f4 Qd2 24. Rb3 a4 25. Nf3 Qxe1+ 26. Qxe1 axb3 27. a3 Rfe8 28. Kf2 Nf6 29. h3 Rd6 30. Nd4 Nd5 1/2-1/2